| 000 | 00916cac a22002531u 4500 | ||
|---|---|---|---|
| 090 | _c4516 | ||
| 008 | 081119t 1994xxu||||| |||| 00| 0 eng d | ||
| 010 | _a 93040433 | ||
| 020 | _a007004645X (acid-free paper) | ||
| 082 | 0 | 0 |
_a657.3 _bBAL |
| 245 | 0 | 0 |
_aFinancial statement analysis / _cedited by Ray Ball, S.P. Kothari |
| 260 |
_aNew York : _bMcGraw-Hill, _cc1994. |
||
| 300 |
_axii, 772 p. : _bill. ; _c23 cm. |
||
| 440 | 0 | _aMcGraw-Hill series in advanced topics in finance and accounting | |
| 504 | _a bibliography: p. 771-772 | ||
| 650 | 0 | _aInvestment analysis. | |
| 650 | 0 | _aFinancial statements. | |
| 650 | 0 | _aRate of return. | |
| 650 | 0 |
_aCorporations _xValuation. |
|
| 700 | 1 |
_aBall, Ray _91285 |
|
| 700 | 1 | _aKothari, S. P. | |
| 942 |
_cBB _k657.3BAL _2ddc |
||
| 999 |
_c4516 _d4516 |
||